LEADER 01217nam a2200289 4500 001 000000355482 003 CaOOAMICUS 005 20231109145205.0 008 230927s2020 it a 000 u ita r 020 $a978-88-6240-478-5 040 $aSeMil$bita 100 1 $aGrassi, Maria Teresa.$0(OLS)http://semarc/name/32566 245 10$aPalmira :$bstorie straordinarie dell'antica metropoli d'Oriente /$cMaria Teresa Grassi. 250 $a1. rist. 264 1$aMilano :$bETS,$c2020. 300 $a158 p. :$bill. ;$c21 cm 490 1 $aClessidre 600 04$aZenobia : di Palmira .$0(OLS)http://semarc/subject/22121 650 4$aPalmira .$0(OLS)http://semarc/subject/45841 830 0$aClessidre.$0(OLS)http://semarc/title/44516 850 $aSeMil 852 $aSeMil$W1$xVenegono$y1$m3R II 1$j244392$B246746$CSeMilBibl$Z2$F246746 $81 961 $aOmaggio - Rotary di Tradate 996 $6020$a978-88-6240-478-5$9(OLS)http://semarc/number/298951 996 $6245$aPalmira :$bstorie straordinarie dell'antica metropoli d'Oriente$9(OLS)http://semarc/title/445678 996 $6264$aMilano :$bETS$9(OLS)http://semarc/publisher/56442 LEADER 01316nam a2200301 i 4500 001 000000247435 003 CaOOAMICUS 005 20250603170822.0 008 160113s1968 it u000 u ita u 013 $a226340 040 $aSeMil$bita 100 1 $aCantarella, Raffaele,$d<1898-1977>.$0(OLS)http://semarc/name/8142 245 13$aLa letteratura greca dell'età ellenistica e imperiale /$cRaffaele Cantarella. 250 $aNuova ed. aggiornata. 260 $aMilano :$bAccademia,$c1968. 260 $aFirenze :$bSansoni,$c1968. 300 $a503 p. ;$c20 cm. 490 0 $aLe letterature del mondo : enciclopedia universale delle letterature ;$v44 650 4$aLetteratura ellenistica.$0(OLS)http://semarc/subject/47003 650 4$aLetteratura greca antica.$0(OLS)http://semarc/subject/14002 830 3$aLe letterature del mondo ;$v44.$0(OLS)http://semarc/title/8394 850 $aSeMil 852 $aSeMil$W1$xVenegono$y1$m1X II 289$j257749$B197781$CSeMilBibl$Z2$F209160 $81 961 $aLascito: Milani don Felice 996 $6245$aLa letteratura greca dell'età ellenistica e imperiale$9(OLS)http://semarc/title/349420 996 $6260$aFirenze :$bSansoni$9(OLS)http://semarc/publisher/29843 996 $6260$aMilano :$bAccademia$9(OLS)http://semarc/publisher/30912